Fr. Conceicao Rodrigues College of Engineering

Problems in Descriptive Geometry (Record no. 29046)

MARC details
000 -LEADER
fixed length control field 00317nam a2200145Ia 4500
082 ## - DEWEY DECIMAL CLASSIFICATION NUMBER
Classification number 516.3
100 ## - MAIN ENTRY--PERSONAL NAME
Personal name Arustamov/Kh.A
245 ## - TITLE STATEMENT
Title Problems in Descriptive Geometry
260 ## - PUBLICATION, DISTRIBUTION, ETC.
Name of publisher, distributor, etc. Mir Publishers
300 ## - PHYSICAL DESCRIPTION
Extent 405
546 ## - LANGUAGE NOTE
Language note ENGLISH
650 ## - SUBJECT ADDED ENTRY--TOPICAL TERM
Topical term or geographic name entry element Chemistry
654 ## - SUBJECT ADDED ENTRY--FACETED TOPICAL TERMS
Focus term Descriptive Geometry
942 ## - ADDED ENTRY ELEMENTS (KOHA)
Koha item type BOOK
Holdings
Withdrawn status Lost status Damaged status Not for loan Collection Home library Current library Date acquired Cost, normal purchase price Inventory number Total Checkouts Full call number Barcode Date last seen Cost, replacement price Price effective from Koha item type
        AFT Fr. Agnel's C.Rodrigues College of Engineering Fr. Agnel's C.Rodrigues College of Engineering 17/03/2023 11.05 3424   516.3 AFT1065 17/03/2023 11.05 17/03/2023 BOOK